000 00371nam a22001577a 4500
003 SGT
020 _a81-89747-25-8
082 _a615.19
_bRAO
100 _aRAO, DR. G. DEVALA
245 _aA TEXTBOOK OF SYNTHETIC & MEDICINAL CHEMISTRY
250 _a3RD
260 _aINDIA
_bBIRLA PUB.
_c2026
300 _a348
650 _aMEDICINAL CHEMISTRY
942 _2ddc
_cBK
999 _c32950
_d32950